Cities in contemporary Europe (Record no. 251409)

MARC details
000 -LEADER
fixed length control field 00700nam a2200217Ia 4500
008 - FIXED-LENGTH DATA ELEMENTS--GENERAL INFORMATION
fixed length control field 191130s2000##################000#0#eng##
020 ## - INTERNATIONAL STANDARD BOOK NUMBER
ISBN 9780521662482
082 ## - DEWEY DECIMAL CLASSIFICATION NUMBER
Classification number 307.76094 BAG
245 ## - TITLE STATEMENT
Title Cities in contemporary Europe
Statement of responsibility, etc edited by Arnaldo Bagnasco and Patrick Le Galès
260 ## - PUBLICATION, DISTRIBUTION, ETC. (IMPRINT)
Place of publication Cambridge
Name of publisher Cambridge University Press
Year of publication c2000
300 ## - PHYSICAL DESCRIPTION
Number of Pages ix, 219 p. : ill., ; 24 cm
500 ## - GENERAL NOTE
General note Includes bibliographical references (p. 198-219) and index
650 ## - SUBJECT ADDED ENTRY--TOPICAL TERM
Topical Term Cities and towns - Europe
700 ## - ADDED ENTRY--PERSONAL NAME
Personal name Bagnasco, Arnaldo
Personal name Le Galès, Patrick
991 ## -
-- 38244
Holdings
Withdrawn status Lost status Damaged status Not for loan Home library Current library Shelving location Date acquired Full call number Accession Number Price effective from Koha item type
        Anna Centenary Library Anna Centenary Library 3RD FLOOR, B WING 13.10.2020 307.76094 BAG 193598 13.10.2020 English Books

Find us on the map